000 01507nam a2200205Ia 4500
003 Ost
005 20260507075336.0
008 260507s9999||||xx |||||||||||||| ||und||
020 _a9122169957
040 _cfsecg
041 _aara
082 _a330
100 _aمحمد قاسم، عبد الرزاق
_eمؤلف
245 0 _aتحليل و تصميم نظم المعلومات المحاسبية /
_c عبد الرزاق محمد قاسم
260 _aعمان:
_bدار الثقافة,
_c2009
300 _a416 صفحة؛
_bإيضاحات ؛
_c25 سم
520 _aمدخل الى نظم المعلومات و عناصر نظم المعلومات المحاسبية في المنظمة و تقنيات تطوير و توثيق نظم المعلومات ، دورة النفقات : النظم التطبيقية للمشتريات و المدفوعات النقدية و دورة الايرادات : النظم التطبيقية للمبيعات و تحصيلات النقدية و دورة الانتاج ، نظم إدارة قواعد البيانات و دورات العمليات و الرقابة الداخلية و مخرجات و مدخلات نظم المعلومات المحاسبية و المعالجة فيها ، تصميم قواعد البيانات و الشبكات و التبادل الالكتروني للبيانات و الرقابة في ظل نظم المعلومات المحوسبة
653 _aنظم المعلومات- المحاسبة
942 _cكتاب
999 _c44049
_d44049